Fiscal decentralization in Estonia
Na minha lista:
| Autor principal: | |
|---|---|
| Formato: | Livro |
| Idioma: | inglês |
| Publicado em: |
Budapest
Open Society Institute
1999
|
| Colecção: | Discussion papers
No. 13 |
| Assuntos: | |
| Tags: |
Sem tags, seja o primeiro a adicionar uma tag!
|
MARC
| LEADER | 00000nam a2200000 4500 | ||
|---|---|---|---|
| 001 | c115050 | ||
| 005 | 20221221084314.4 | ||
| 022 | |a 1417-4855 | ||
| 041 | 0 | |a eng | |
| 044 | |a HU | ||
| 245 | 1 | 0 | |a Fiscal decentralization in Estonia |c Tarvo Kungla |
| 264 | 1 | |a Budapest |b Open Society Institute |c 1999 | |
| 300 | |a 41 s. | ||
| 490 | 1 | |a Discussion papers |v No. 13 | |
| 830 | 0 | |a Discussion papers |v No. 13 | |
| 610 | 2 | 0 | |a decentralizácia |
| 610 | 2 | 0 | |a správa miestna |
| 610 | 2 | 0 | |a reformy |
| 610 | 2 | 0 | |a financie |
| 610 | 2 | 0 | |a príjmy |
| 610 | 2 | 0 | |a výdavky |
| 610 | 2 | 0 | |a rozpočty |
| 610 | 2 | 0 | |a Estónsko |
| 100 | 1 | |a Kungla, Tarvo | |